Reunión Iberoamericana para la recuperación y proteción de los archivos de los trabajadores y movimientos sociales -1992-
Guardat en:
| Autor corporatiu: | |
|---|---|
| Format: | Text |
| Publicat: |
Madrid:
Pablo Iglesias
|
| Etiquetes: |
Afegir etiqueta
Sense etiquetes, Sigues el primer a etiquetar aquest registre!
|
MARC
| LEADER | 00000 a a2200000 04500 | ||
|---|---|---|---|
| 001 | 23120 | ||
| 003 | |||
| 040 | |||
| 020 | |a 84-85691-67-9 | ||
| 090 | |a 159600 | ||
| 110 | |a AIRPATO | ||
| 245 | |a Reunión Iberoamericana para la recuperación y proteción de los archivos de los trabajadores y movimientos sociales -1992- | ||
| 260 | |a Madrid: |b Pablo Iglesias | ||
| 300 | |a 587 p. | ||
| 999 | |c 5562 |d 5562 | ||



